AEW TBS Champions - Statistics

General Stats
  • This quiz has been taken 604 times
    186 since last reset
  • The average score is 5 of 5
Answer Stats
Title Reigns Last Won Champion % Correct
1 2024 Mercedes Moné
98%
1 2022 Jade Cargill
95%
1 2023 Kris Statlander
91%
1 2024 Willow Nightingale
89%
1 2023 Julia Hart
78%
No matching quizzes found
Score Distribution
Percent of People with Each Score
Percentile by Number Answered
Your Score History
You have not taken this quiz since the last reset